States/Fylker of Norway - Statistics

General Stats
  • This quiz has been taken 25 times
  • The average score is 10 of 15
Answer Stats
Hint Answer % Correct
o oslo
88%
t troms
88%
f finnmark
82%
ø Østfold
82%
v vestfold
82%
i Innlandet
76%
v vestland
76%
n nordland
71%
r Rogaland
71%
t trøndelag
65%
a agder
59%
M Møre og romsdal
59%
a Akershus
53%
t Telemark
47%
b buskerud
41%
No matching quizzes found
Score Distribution
Percent of People with Each Score
Percentile by Number Answered
Your Score History
You have not taken this quiz